| 000 | 02120cam a2200517 i 4500 | ||
|---|---|---|---|
| 001 | data | ||
| 005 | 20260322212107.0 | ||
| 008 | data | ||
| 035 | _a18239641 | ||
| 906 |
_a7 _bcbc _ccopycat _d2 _eepcn _f20 _gy-gencatlg |
||
| 925 | 0 |
_aacquire _b1 shelf copy _xpolicy default |
|
| 010 | _a 2014946816 | ||
| 020 | _a0199673047 | ||
| 020 |
_a9780199673049 _qHbk. |
||
| 020 |
_a9780198806219 _qPbk. |
||
| 035 | _a(OCoLC)900709498 | ||
| 040 |
_aCDX _beng _cCDX _erda _dDLC _dYDXCP _dOCLCO _dQGK _dNLGGC _dOCLCQ _dOCLCF _dAMH _dDLC |
||
| 042 | _alccopycat | ||
| 050 | 0 | 0 |
_aKZ6368 _b.O94 2015 |
| 082 | 0 | 4 |
_a341.6 _223 |
| 245 | 0 | 4 |
_aThe Oxford handbook of the use of force in international law / _cedited by Marc Weller ; assistant editors Alexia Solomou, Jake William Rylatt. |
| 246 | 3 | 0 | _aUse of force in international law |
| 250 | _aFirst edition. | ||
| 264 | 1 |
_aOxford, United Kingdom : _bOxford University Press, _c2015. |
|
| 264 | 4 | _c©2015 | |
| 300 |
_alxxxix, 1280 pages ; _c26 cm. |
||
| 336 |
_atext _btxt _2rdacontent |
||
| 337 |
_aunmediated _bn _2rdamedia |
||
| 338 |
_avolume _bnc _2rdacarrier |
||
| 490 | 1 | _aOxford handbooks | |
| 504 | _aIncludes bibliographical references and index. | ||
| 650 | 0 | _aIntervention (International law) | |
| 650 | 0 | _aAggression (International law) | |
| 650 | 0 | _aWar (International law) | |
| 650 | 7 |
_aAggression (International law) _2fast _0(OCoLC)fst00800257 |
|
| 650 | 7 |
_aIntervention (International law) _2fast _0(OCoLC)fst00977583 |
|
| 650 | 7 |
_aWar (International law) _2fast _0(OCoLC)fst01170412 |
|
| 700 | 1 |
_aWeller, M. _q(Marc), _eeditor. |
|
| 700 | 1 |
_aSolomou, Alexia, _eeditor. |
|
| 700 | 1 |
_aRylatt, Jake William, _eeditor. |
|
| 830 | 0 | _aOxford handbooks. | |
| 856 | 4 | 2 |
_3Contributor biographical information _uhttp://www.loc.gov/catdir/enhancements/fy1604/2014946816-b.html |
| 856 | 4 | 2 |
_3Publisher description _uhttp://www.loc.gov/catdir/enhancements/fy1604/2014946816-d.html |
| 856 | 4 | 1 |
_3Table of contents only _uhttp://www.loc.gov/catdir/enhancements/fy1604/2014946816-t.html |
| 999 |
_c1574 _d1574 |
||